000 00421cam a2200169ua 4500
020 _c595.00
041 _aeng
_h
082 _a620.30287
_bVEN/ME
100 _aVenkateshan, A.P .
245 _aMechanical measurements /
_cS.P.Venkateshan.
_hTextual Documents
260 _aNew Delhi :
_bAne Books India ,
_c2008.
300 _a ; .
365 _a595.00
504 _a
942 _cBK
999 _c13431
_d13431